Foundation Biology 2023: (Record no. 198817)

MARC details
000 -LEADER
fixed length control field 00652nam a22001817a 4500
005 - DATE AND TIME OF LATEST TRANSACTION
control field 20231121114631.0
010 ## - LCCN (DPL NO)
LC control number ENG-138282
020 ## - INTERNATIONAL STANDARD BOOK NUMBER
International Standard Book Number 9789356069138
Terms of availability 485.00
035 ## - SYSTEM CONTROL NUMBER
System control number EN-121814
037 ## - SOURCE OF ACQUISITION
Source of stock number/acquisition DBAD/PUB
082 ## - DEWEY DECIMAL CLASSIFICATION NUMBER
Classification number 580
Item number 1
245 ## - TITLE STATEMENT
Title Foundation Biology 2023:
Statement of responsibility, etc By Satish Kumar Shrivastava
Remainder of title Content Based on Ncert Curriculum/
260 ## - PUBLICATION, DISTRIBUTION, ETC. (IMPRINT)
Place of publication, distribution, etc Chennai
Name of publisher, distributor, etc Pearson India Education Services Pvt. Ltd,
Date of publication, distribution, etc 2023
270 ## - ADDRESS
Address 5th Floor, Survey No 203/10B, 200 Ft MMRD Road, Zamin Pallavaram,
City Chenni
Postal code 600044
300 ## - PHYSICAL DESCRIPTION
Extent 238p.
Dimensions 28cm(pbk)
700 ## - ADDED ENTRY--PERSONAL NAME
Personal name Shrivastava Satish Kumar
Relator term Compositor
9 (RLIN) 58891
942 ## - ADDED ENTRY ELEMENTS (KOHA)
Source of classification or shelving scheme Dewey Decimal Classification
Item type English Books
Classification part 580
Call number suffix FOU
Holdings
Withdrawn status Lost status Not for loan Collection code Home library Current library Date acquired Source of acquisition Cost, normal purchase price Full call number Barcode Cost, replacement price Koha item type
      Non-fiction Bawana Bawana 18/10/2023 DBAD/PUB 485.00 580 FOU EN-121814 485.00 English Books

© Delhi Public Library
Hit Counter
free hit counter